Mendaki gunung

Bibliographic Details
Main Author: Humphrey, Paul
Format: Book
Published: Kuala Lumpur : Dewan Bahasa dan Pustaka , 1999
Series:Siri Pelangi
Subjects:

MARC

LEADER 00000cam a2200000 7i4500
001 0000078285
005 20180129.0
008 180129
020 |a 9789836251367 
020 |a 9836251367 
090 0 0 |a 428.6   |b HUM 
100 1 |a Humphrey, Paul 
245 1 0 |a Mendaki gunung   |c Paul Humphrey; ilustrasi oleh Karen taylerson; penterjemah Aminah harun 
260 |a Kuala Lumpur :   |b Dewan Bahasa dan Pustaka ,   |c 1999 
440 |a Siri Pelangi 
650 0 |a Readers   |x Juvenile literature 
999 |a 0000001570   |b Book   |c Children Collection   |e Cawangan Taman Universiti